000 00857nas a2200277 4500
001 BR0801432
003 BR-BrBNA
005 20231205111704.0
007 ta
008 230509b bl.|||p| |||| 00| 00por d
040 _aBR-BrBNA
_bpor
_cBiblioteca Nacional de Agricultura
041 _a(Pt)
072 _aL60
100 1 _aChaves, P. de T.
100 1 _aRobert, M. de C.
245 1 _aNota complementar sobre os hábitos de Gerres melanopterus (Teleostei, Gerreidae)na Baia de Guaratuba, Paraná, Brasil
650 _aPEIXE
650 _aTILÁPIA
650 _aTAXONOMIA ANIMAL
650 _aHABITAT
650 _aBAIA DE GUARATUBA
650 _aPARANÁ
773 0 _tRevista Brasileira de Zoologia (Brazil)
_xISSN 0101-8175
_g(Mar 2001), v. 18(1) p. 254-259
_wBR0801432
909 _a202311
_bLúcia
_c55
_dLúcia Elande
942 _2AGRIS
_n0
_cANA
999 _c193962
_d193962